<?xml version="1.0" encoding="UTF-8"?><?xml-stylesheet type="text/xsl" href="static/style.xsl"?><OAI-PMH xmlns="http://www.openarchives.org/OAI/2.0/" xmlns:xsi="http://www.w3.org/2001/XMLSchema-instance" xsi:schemaLocation="http://www.openarchives.org/OAI/2.0/ http://www.openarchives.org/OAI/2.0/OAI-PMH.xsd"><responseDate>2026-04-17T02:27:58Z</responseDate><request verb="GetRecord" identifier="oai:www.recercat.cat:2117/80289" metadataPrefix="marc">https://recercat.cat/oai/request</request><GetRecord><record><header><identifier>oai:recercat.cat:2117/80289</identifier><datestamp>2026-01-25T01:11:11Z</datestamp><setSpec>com_2072_1033</setSpec><setSpec>col_2072_452949</setSpec></header><metadata><record xmlns="http://www.loc.gov/MARC21/slim" xmlns:dcterms="http://purl.org/dc/terms/" xmlns:xsi="http://www.w3.org/2001/XMLSchema-instance" xmlns:doc="http://www.lyncode.com/xoai" xsi:schemaLocation="http://www.loc.gov/MARC21/slim http://www.loc.gov/standards/marcxml/schema/MARC21slim.xsd">
   <leader>00925njm 22002777a 4500</leader>
   <datafield ind2=" " ind1=" " tag="042">
      <subfield code="a">dc</subfield>
   </datafield>
   <datafield ind2=" " ind1=" " tag="720">
      <subfield code="a">Arráez Monllor, Pablo</subfield>
      <subfield code="e">author</subfield>
   </datafield>
   <datafield ind2=" " ind1=" " tag="260">
      <subfield code="c">2015-06</subfield>
   </datafield>
   <datafield ind2=" " ind1=" " tag="520">
      <subfield code="a">No habitamos ciudades sino territorios, la ciudad-territorio que no es árbol, sino rizoma, sistema que produce lo múltiple, extensión superficial ramificada en todas direcciones (redes) que, en sus zonas de intensidad, genera concreciones (nodos, centralidades).&#xd;
¿Cómo articular esta ciudad que se expande indefinida e improgramablemente? Quizás desde un urbanismo cuyo objetivo no sea la representación de la Idea, sino la producción inmanente de espacio dotado de sentido. Urbanismo al servicio de la expresión de la subjetividad a través de códigos ecológicos proyectados sobre el territorio para garantizar la sostenibilidad de sus potenciales.&#xd;
Se investiga así un planeamiento cuyo papel es la modelización del campo de juego: Establecer trazados diagramáticos entendidos como expresión gráfica y procedimental para dotar de infraestructura relacional a la ciudad contemporánea. Diagramas que son el resultado de un debilitamiento de su clásica armazón geométrica, en beneficio de lógicas integradoras de las tres ecologías (medioambiental, social y mental).</subfield>
   </datafield>
   <datafield ind2=" " ind1=" " tag="520">
      <subfield code="a">We do not habit cities, but territories, the city-territory that is not a tree but rhizome, a system that produce the multiplicity, a superficial extension bifurcated in all directions (networks) that, in its zones of intensity, generates concretions (nodes, centralities).&#xd;
How can we articulate this city that grows undefined and with no program? Perhaps with an urbanism which aiming not to the representation of the Idea, but to the immanent production of space and sense. Urbanism for the expression of the subjectivity through ecological codes projected on the territories, to ensure the sostenibility of their potentialities.&#xd;
Thereby, that investigation is about a planning whose role is the modelization of the field, to define diagramatic outlines as graphics and procedimental expression for outfit of relational infrastructure to the contemporary city. Diagrams which result of the weakening of their classic geometric structure, for the integration of the environmental, social and mental ecologies.</subfield>
   </datafield>
   <datafield tag="653" ind2=" " ind1=" ">
      <subfield code="a">Àrees temàtiques de la UPC::Arquitectura::Sistemes de representació arquitectònica</subfield>
   </datafield>
   <datafield tag="653" ind2=" " ind1=" ">
      <subfield code="a">Àrees temàtiques de la UPC::Urbanisme</subfield>
   </datafield>
   <datafield tag="653" ind2=" " ind1=" ">
      <subfield code="a">Architectural rendering</subfield>
   </datafield>
   <datafield tag="653" ind2=" " ind1=" ">
      <subfield code="a">City planning</subfield>
   </datafield>
   <datafield tag="653" ind2=" " ind1=" ">
      <subfield code="a">Planeamiento</subfield>
   </datafield>
   <datafield tag="653" ind2=" " ind1=" ">
      <subfield code="a">Ciudad-territorio</subfield>
   </datafield>
   <datafield tag="653" ind2=" " ind1=" ">
      <subfield code="a">Diagramas</subfield>
   </datafield>
   <datafield tag="653" ind2=" " ind1=" ">
      <subfield code="a">Ecología</subfield>
   </datafield>
   <datafield tag="653" ind2=" " ind1=" ">
      <subfield code="a">Planning</subfield>
   </datafield>
   <datafield tag="653" ind2=" " ind1=" ">
      <subfield code="a">City-territorie</subfield>
   </datafield>
   <datafield tag="653" ind2=" " ind1=" ">
      <subfield code="a">Diagrams</subfield>
   </datafield>
   <datafield tag="653" ind2=" " ind1=" ">
      <subfield code="a">Ecology</subfield>
   </datafield>
   <datafield tag="653" ind2=" " ind1=" ">
      <subfield code="a">Representació arquitectònica</subfield>
   </datafield>
   <datafield tag="653" ind2=" " ind1=" ">
      <subfield code="a">Urbanisme</subfield>
   </datafield>
   <datafield ind2="0" ind1="0" tag="245">
      <subfield code="a">Máquinas para la producción del espacio: los diagramas como herramientas del planeamiento relacional</subfield>
   </datafield>
</record></metadata></record></GetRecord></OAI-PMH>